Normal view
MARC view
Entry Personal Name
001 - CONTROL NUMBER
- control field: 85349
003 - CONTROL NUMBER IDENTIFIER
- control field: dpl
005 - DATE AND TIME OF LATEST TRANSACTION
- control field: 20251001154543.0
008 - FIXED-LENGTH DATA ELEMENTS
- fixed length control field: 251001|| aca||aabn | a|a d
040 ## - CATALOGING SOURCE
- Original cataloging agency: dpl
- Transcribing agency: dpl
100 ## - HEADING--PERSONAL NAME
- Personal name: Mitra, U N
670 ## - SOURCE DATA FOUND
- Source citation: Work cat.: (dpl)213560: Mitra, U N , Law of Limitation and Prescription/, 2025
